De memoria : (Registro nro. 19921)
[ vista simple ]
| 000 -CABECERA | |
|---|---|
| Campo de control | 01030nas a2200253 a 4500 |
| 005 - FECHA Y HORA DE LA ULTIMA TRANSACCION | |
| Campo de control | 20171006153610.0 |
| 008 - ELEMENTOS DE LONGITUD FIJA—INFORMACION GENERAL | |
| Campo de control | 130712c20129999ck qrzp r 0 b0spa d |
| 022 ## - ISSN | |
| ISSN | 2322-7265 |
| 040 ## - FUENTE DE CATALOGACIÓN | |
| Agencia catalogadora original | CO-BoBLA |
| Agencia transcriptora | CO-BoBLA |
| Agencia Modificadora | CO-BoIAVH |
| 041 0# - IDIOMA | |
| Código de idioma para texto/pista de sonido o título separado | Español |
| 044 ## - PAÍS DE PUBLICACIÓN | |
| País de publicación | Colombia |
| 090 ## - CLASIFICACIÓN LOCAL | |
| Colección | SE |
| 245 00 - MENCION DE TITULO | |
| Título | De memoria : |
| Parte restante del título | revista del Archivo de Bogotá |
| 260 ## - PUBLICACION, DISTRIBUCION, ETC. (PIE DE IMPRENTA) | |
| Lugar de publicación, distribución, etc. | Bogotá (Colombia) : |
| Nombre del editor, distribuidor, etc. | Archivo de Bogotá, |
| Fecha de publicación, distribución, etc. | 2012-. |
| 300 ## - DESCRIPCION FISICA | |
| Otros detalles físicos | ilustraciones a color y fotografías a color ; |
| Dimensiones | 27 cm. |
| 610 20 - ASIENTO SECUNDARIO DE MATERIA - NOMBRE CORPORATIVO | |
| Nombre corporativo o nombre de la jurisdicción como elemento de entrad | Archivo de Bogotá (Colombia) |
| Subdivisión general | Historia |
| Subdivisión de forma | Publicaciones periódicas |
| 650 26 - ASIENTO SECUNDARIO DE MATERIA - TERMINO TEMATICO | |
| Término temático o nombre geográfico como elemento de entrada | Gestión de documentos |
| Subdivisión de forma | Publicaciones periódicas |
| 9 (RLIN) | 85816 |
| 650 26 - ASIENTO SECUNDARIO DE MATERIA - TERMINO TEMATICO | |
| Término temático o nombre geográfico como elemento de entrada | Gestión de archivos |
| Subdivisión geográfica | Bogotá (Colombia) |
| Subdivisión de forma | Publicaciones periódicas |
| 9 (RLIN) | 85817 |
| 650 26 - ASIENTO SECUNDARIO DE MATERIA - TERMINO TEMATICO | |
| Término temático o nombre geográfico como elemento de entrada | Archivos |
| Subdivisión general | Conservación |
| Subdivisión de forma | Publicaciones periódicas |
| 9 (RLIN) | 85818 |
| 650 26 - ASIENTO SECUNDARIO DE MATERIA - TERMINO TEMATICO | |
| Término temático o nombre geográfico como elemento de entrada | Patrimonio cultural |
| Subdivisión geográfica | Bogotá (Colombia) |
| Subdivisión de forma | Publicaciones periódicas |
| 9 (RLIN) | 85819 |
| 710 2# - ASIENTO SECUNDARIO - NOMBRE CORPORATIVO | |
| Nombre corporativo o de jurisdicción como elemento de entrada | Archivo de Bogotá (Colombia) |
| 9 (RLIN) | 85807 |
| 710 1# - ASIENTO SECUNDARIO - NOMBRE CORPORATIVO | |
| Nombre corporativo o de jurisdicción como elemento de entrada | Bogotá (Colombia). |
| Unidad subordinada | Alcaldía Mayor |
| 9 (RLIN) | 85820 |
| 942 ## - ELEMENTOS ADICIONALES (KOHA) | |
| Sistema de clasificación | Local |
| Tipo de ítem | Periodica o revista |
| Withdrawn status | Lost status | Sistema de Clasificación | Damaged status | No para préstamo | Colección | Fecha publicación (Año) | Número revista | Inventariado | Ubicación Permanente | Ubicación actual | Fecha de adquisición | Datos de publicación Seriada | Total Checkouts | Número topográfico | Inventario / Código de Barras | Date last seen | Ejemplar | Price effective from | Forma de adquisición | Tipo de material |
|---|---|---|---|---|---|---|---|---|---|---|---|---|---|---|---|---|---|---|---|---|
| Local | Hemeroteca | 2013 | 2 | Inventariado 2017 | Bogotá | Bogotá | 06/10/2017 | Número 2 (01/02/2013) | SE | 038596 | 06/10/2017 | Ej. 1 | 06/10/2017 | Donación | Periodica o revista | |||||
| Local | Hemeroteca | 2013 | 3 | Inventariado 2017 | Bogotá | Bogotá | 06/10/2017 | Número 3 (01/05/2013) | SE | 038597 | 06/10/2017 | Ej. 1 | 06/10/2017 | Donación | Periodica o revista | |||||
| Local | Hemeroteca | 2014 | 7 | Bogotá | Bogotá | 10/08/2018 | Número 7 (01/05/2014) | SE | 030317 | 10/08/2018 | Ej. 1 | 10/08/2018 | Donación | Periodica o revista |